Identidades nacionales y postnacionales

Na minha lista:
Detalhes bibliográficos
Autor principal: Habermas, Jürgen (Autor)
Formato: Livro
Idioma:espanhol
Publicado em: Madrid Tecnos 1998
Edição:2a. ed
Assuntos:
Tags: Adicionar Tag
Sem tags, seja o primeiro a adicionar uma tag!

MARC

LEADER 00000nam a2200000 a 4500
001 UCN4389
003 CL-VaPUC
008 010803e19980000SP |||||||||||||||||spa|d
082 0 4 |a 193  |b HAB  |2 21 
100 0 |a Habermas, Jürgen  |e author  |9 334312 
245 1 0 |a Identidades nacionales y postnacionales 
250 |a 2a. ed 
300 |a 121 p 
942 |c BK 
945 |d 20010803 00:00:00  |a vberengu 
260 |a Madrid  |b Tecnos  |c 1998 
600 0 |a Schmitt, Carl,  |d 1888-1985  |9 258380 
650 0 |a Filosofía contemporánea  |9 265372 
650 0 |a Filosofía alemana   |9 265002 
583 |a last modification  |c 20010803 00:00:00  |k Rodrigo Vera 
999 |c 296635  |d 296633 
952 |0 0  |1 0  |2 ddc  |4 0  |6 193_000000000000000_HAB_1998  |7 0  |8 A  |9 350592  |a BIBCUR  |b BIBCUR  |c PAC  |d 2019-11-20  |i 3743128  |o 193 HAB 1998  |p 3743128  |r 2025-04-22  |w 2019-11-20  |y BK  |k PER